000 00677nam a2200205Ia 4500
003 GCL
005 20240530105235.0
008 140319s9999 xx 000 0 ara d
040 _aGCL /
_cGCL
082 0 4 _a810.8009
_bع م
100 1 _aعلى على مصطفى صبح
245 1 0 _aمن الادب الحديث فى ضوء المذاهب الادبية والنقدية /
_cعلى على مصطفى صبح
260 _a[S.N] :
_bدار المريخ للنشر ،
_c1981
300 _a125 ص
650 0 4 _aالادب العربى
650 0 4 _aالعصر الحديث
650 0 4 _aالمذاهب الادبية
650 0 4 _aتاريخ ونقد
942 _2ddc
_cBK
999 _c54248
_d54248